000 00520nam a2200217Ia 4500
003 OSt
005 20230427110636.0
008 210423s1993 xx 000 0 und d
020 _a6982455312412
040 _cAL
041 _aeng
082 _a363.7 GORA
100 _aGORE (Al).
_993820
245 _aEarth in the balance.
260 _aNew Delhi
_bW H Freeman & Co.
_c1993
300 _bPB
365 _b195
_cINR
650 _aEnvironmental Problems
_993821
906 _abalance ; Earth
942 _2ddc
_cBK
999 _c162749
_d162749